000 00293nam a22001337a 4500
008 171030b xxu||||| |||| 00| 0 eng d
020 _a9781285555225
041 _aeng
080 _a33
100 _a58
101 _aBUS
245 _aINTRODUCTION TO BUSINESS LAW
_cBEATTY
942 _2udc
_cBK
999 _c36573
_d36573